QUEST Central Library Banner

Working english cassette (Record no. 14936)

MARC details
000 -LEADER
fixed length control field 00245nam a22001097a 4500
082 ## - DEWEY DECIMAL CLASSIFICATION NUMBER
Classification number SUZ
100 ## - MAIN ENTRY--AUTHOR NAME
Personal name Suzi Wells
245 ## - TITLE STATEMENT
Title Working english cassette
260 ## - PUBLICATION, DISTRIBUTION, ETC. (IMPRINT)
Place of publication London
Name of publisher Heinemann eudcation and books
Year of publication 1987
300 ## - PHYSICAL DESCRIPTION
Number of Pages IRP
942 ## - ADDED ENTRY ELEMENTS (KOHA)
Koha item type Books
Holdings
Withdrawn status Lost status Home library Current library Date acquired Full call number Accession Number Koha item type
    Central Library, QUEST, Nawabshah Central Library, QUEST, Nawabshah 01/12/2015 428.24SUZ 13754 Books
    Central Library, QUEST, Nawabshah Central Library, QUEST, Nawabshah 01/12/2015 428.24SUZ 13755 Books

Copyright © 2018,The QUEST, Nawabshah, Shaheed Benazirabad. All rights reserved
Mr. G. Farooq Channar (Librarian) QUEST, Nawabshah, Sindh, Pakistan 67480.
 Ph#: |   0244-9370381-4 Ext. 2308   Email| lib@quest.edu.pk   Web|  http://www.quest.edu.pk